000
00309nam a2200157Ia 4500
100
_a
CIMI
650
_a
Turner
942
_c
BK
654
_a
turner
245
_a
Turner-Second year trade theory
260
_b
CIMI
_a
Chennai
082
_a
621.9
_b
CIM
300
_a
175
546
_a
ENGLISH
999
_c
27745
_d
27745